Представление документа в формате RUSMARC

ПолеНазваниеЗначение
  Тип записи a
  Библиографический уровень m
001 Контрольный номер RU/УОНБ/EK/361633975
005 Дата корректировки 20260421145008.5
010 Индекс ISBN __
a ISBN 978-5-88451-283-2
d Цена 80 р.
9 Тираж 800 экз.
b Уточнения в пер.
021 № государственной регистрации __
a Код страны RU
100 Данные общей обработки __
a Данные общей обработки 20110131d2010 u y0rusy0189 ca
101 Язык документа 0_
a Язык текста rus
102 Страна публикации __
a Страна публикации RU
105 Кодированные данные (монография) __
a Кодированные данные (монография) a z 001yy
200 Заглавие и сведения об ответственности 1_
a Заглавие Туркестанские письма
f Первые сведения об ответственности Н. Ф. Петровский
g Последующие сведения об ответственности ответственный редактор В. С. Мясников
g Последующие сведения об ответственности Российская академия наук, Архив Российской академии наук
210 Выходные данные 1_
a Место издания Москва
c Издательство Памятники исторической мысли
d Дата издания 2010
215 Физическое описание __
a Объем 358 с.
c Иллюстрации/тип воспроизводства ил., портр.
d Формат 22 см
320 Библиография __
a Библиография Библиогр.: с. 337-342
320 Библиография __
a Библиография Библиогр. в подстроч. примеч.
320 Библиография __
a Библиография Указ.: с. 344-358
606 Тематические рубрики 0_
a Основная рубрика Русско-китайские отношения
x Основная подрубрика История
z Хронологическая подрубрика 19 в.
607 Географические рубрики __
a Географическое наименование Туркестан
x Тематический подзаголовок История
z Хронологический подзаголовок 19-20 вв.
j Формальный подзаголовок Воспоминания и записки
610 Ключевые слова 0_
a Ключевые слова русско-китайские отношения; история России 19 в.; история Китая
686 Индексы других классификаций __
a Классификационный индекс 63.3(2)5-64
2 Код системы rubbk
686 Индексы других классификаций __
a Классификационный индекс 63.3(5Кит)5-64
2 Код системы rubbk
700 Автор _1
a Фамилия Петровский
b Имя (инициалы) Н. Ф.
g Полное личное имя Николай Федорович
f Даты 1837-1908
702 Вторичная интеллектуальная ответственность _1
a Фамилия Мясников
b Имя (инициалы) В. С.
4 Код отношения 340
801 Источник записи _0
a Страна RU
b Организация NLR
c Дата составления 20110131
g Правила каталогизации RCR
801 Источник записи _1
a Страна RU
b Организация NLR
c Дата составления 20110131
g Правила каталогизации RCR
901 Тип документа __
t Тип документа m
909 Создатель записи __
a Создатель записи Молодцова
b Дата создания записи 20120227
910 Корректоры записи __
a Корректор записи Седова
b Дата внесения изменения в запись 20260421